Financial accounting: an introduction to concepts,methods, and uses (Record no. 153648)

MARC details
000 -LEADER
fixed length control field 00455nam a2200169Ia 4500
008 - FIXED-LENGTH DATA ELEMENTS--GENERAL INFORMATION
fixed length control field 161229s9999 xx 000 0 und d
020 ## - INTERNATIONAL STANDARD BOOK NUMBER
International Standard Book Number 0030228328
082 ## - DEWEY DECIMAL CLASSIFICATION NUMBER
Classification number 657.48 DAV/FI
100 ## - MAIN ENTRY--PERSONAL NAME
Personal name Davidson, Sidney
245 ## - TITLE STATEMENT
Title Financial accounting: an introduction to concepts,methods, and uses
250 ## - EDITION STATEMENT
Edition statement 5th
260 ## - PUBLICATION, DISTRIBUTION, ETC. (IMPRINT)
Name of publisher, distributor, etc. The Dryden Press
Place of publication, distribution, etc. New York
300 ## - PHYSICAL DESCRIPTION
Extent xvi, 800
700 ## - ADDED ENTRY--PERSONAL NAME
Personal name Stickney, Clyde P
700 ## - ADDED ENTRY--PERSONAL NAME
Personal name Weil, Roman L
942 ## - ADDED ENTRY ELEMENTS (KOHA)
Koha item type Books (General)
Holdings
Withdrawn status Lost status Damaged status Not for loan Home library Current library Date acquired Total Checkouts Full call number Barcode Date last seen Price effective from Koha item type Public note
        KAU Central Library, Thrissur KAU Central Library, Thrissur 29/12/2016   657.48 DAV/FI 904957 29/12/2016 29/12/2016 Books (General) Book transferred from CCBM Library ,Acc.No:307
Kerala Agricultural University Central Library
Thrissur-(Dt.), Kerala Pin:- 680656, India
Ph : (+91)(487) 2372219
E-mail: librarian@kau.in
Website: http://library.kau.in/